Normal view
MARC view
Entry Topical Term
001 - CONTROL NUMBER
- control field: 16819
003 - CONTROL NUMBER IDENTIFIER
- control field: OSt
005 - DATE AND TIME OF LATEST TRANSACTION
- control field: 20151027105300.0
008 - FIXED-LENGTH DATA ELEMENTS
- fixed length control field: 151027|| aca||aabn | a|a d
040 ## - CATALOGING SOURCE
- Original cataloging agency: OSt
- Transcribing agency: OSt
150 ## - HEADING--TOPICAL TERM
- Topical term or geographic name entry element: Biography
670 ## - SOURCE DATA FOUND
- Source citation: Work cat.: (OSt)16474: Ghosh, Rai Sahib Jamini Mohan 16818, Sannyasi And Fakir Raiders In Bengal, 2005









